Word Ladder: Spring-y Month Quiz Stats

 Plays Quiz Updated May 2, 2018

Challenge
Share
Tweet
Embed
Score 0/12 Timer 01:30
1 Play Today
Clue 3-Letter Word % Correct
The fifth month of the yearMAY
99.9%
Month before the first rung (abbr.)APR.
95.2%
Participate in a marathonRUN
94.1%
Month after the first rung (abbr.)JUN.
93%
AtmosphereAIR
92.2%
Damage, like a surfaceMAR
89.1%
Old Russian space stationMIR
85.2%
Channel left by a wagon wheelRUT
84.9%
One-sixth of an inningOUT
76.4%
SimianAPE
75.3%
ChooseOPT
68.8%
Reveal or expose, poeticallyOPE
62.2%

Today's Daily Dose

Missing Word
Animated TV Series

Word Ladder
Boston

Quick Pick
'H' Literature

On This Day
August 16th II

You're not logged in!

Compare scores with friends on all Sporcle quizzes.
Join for Free
OR
Log In

You Might Also Like...

Show Comments

Extras

Top Quizzes Today


Score Distribution

Your Account Isn't Verified!

In order to create a playlist on Sporcle, you need to verify the email address you used during registration. Go to your Sporcle Settings to finish the process.

Report this User

Report this user for behavior that violates our Community Guidelines.

Details: